| 000 | 00592cam a22002411 4500 | ||
|---|---|---|---|
| 001 | sa 64000605 | ||
| 003 | DLC | ||
| 005 | 20260227111957.0 | ||
| 008 | 940805s1962 ii 000 1 benr | ||
| 010 | _asa 64000605 | ||
| 025 | _aPL480:I-B-652 | ||
| 035 | _a(OCoLC)30890524 | ||
| 040 |
_aDLC _cCU _dCU _dDLC |
||
| 042 | _apremarc | ||
| 050 | 0 | 0 |
_aPZ90.B4 _bM84 |
| 100 | 1 |
_aMukherji, Saurindramohan, _d1884- |
|
| 245 | 1 | 0 | _aLālakuṭhi. |
| 260 | _c[1962?] | ||
| 300 |
_a135 p. _c23 cm. |
||
| 500 | _aIn Bengali. | ||
| 500 | _aA novel. | ||
| 500 | _aOriginally published in Maucāka. | ||
| 999 |
_c56344 _d56344 |
||